International aspects of democratisation in Central America
Wedi'i Gadw mewn:
| Prif Awdur: | |
|---|---|
| Fformat: | Texto |
| Tagiau: |
Ychwanegu Tag
Dim Tagiau, Byddwch y cyntaf i dagio'r cofnod hwn!
|
MARC
| LEADER | 00000 a a2200000 04500 | ||
|---|---|---|---|
| 001 | 21455 | ||
| 003 | |||
| 040 | |||
| 090 | |a 094600 | ||
| 100 | |a Whitehead, Laurence | ||
| 245 | |a International aspects of democratisation in Central America | ||
| 300 | |a 37 p. | ||
| 999 | |c 10853 |d 10853 | ||
